A dynamic model of the interaction between the state and the private sector (Registro nro. 25967)

Detalles MARC
000 -LEADER
fixed length control field 00404 a2200121 4500
001 - CONTROL NUMBER
control field ART_11954
005 - DATE AND TIME OF LATEST TRANSACTION
control field 20260410161901.0
008 - FIXED-LENGTH DATA ELEMENTS--GENERAL INFORMATION
fixed length control field 260409a
100 1# - MAIN ENTRY--PERSONAL NAME
Personal name Winden, Frans van
245 10 - TITLE STATEMENT
Title A dynamic model of the interaction between the state and the private sector
700 1# - ADDED ENTRY--PERSONAL NAME
Personal name Van Praag, Bernard
773 0# - HOST ITEM ENTRY
Title Journal of public economics
Related parts - Vol. 16, Nº 1 (ago. 1981)
Record control number REV11485

No hay ítems disponibles.